| 000 | 00561nam a2200205Ia 4500 | ||
|---|---|---|---|
| 005 | 20240610052904.0 | ||
| 008 | 240331s9999 xx 000 0 und d | ||
| 020 | _a9558027057 | ||
| 082 |
_bGOM _a323.34 |
||
| 100 | _aGomez, Mario | ||
| 100 | _aGomez, Shyamala | ||
| 245 | 0 |
_aStriking a balance _busing international human rights to achieve gender equality |
|
| 250 | _a1 st | ||
| 260 |
_aColombo _bCanadian International Development Agency's _c2004 |
||
| 300 | _a177 p ., | ||
| 650 | _aHuman Rights | ||
| 650 | _aPolitical | ||
| 650 | _aLaw | ||
| 942 | _cL | ||
| 999 |
_c2991 _d2991 |
||